| 000 | 00686nam a22001937a 4500 | ||
|---|---|---|---|
| 005 | 20240527095516.0 | ||
| 008 | 130821s1944 enk gr eng | ||
| 040 |
_aCo-BoUCM _bspa _cDavid Moreno (modificó) _dDavid Moreno (modificó) |
||
| 041 | 0 | 0 | _aeng |
| 100 | 1 |
_aCoulton, G. G. _9150426 |
|
| 245 | 1 | 0 |
_aMedieval panorama _bthe english scene from conquest to reformation _cBy G. G. Coulton |
| 260 |
_aCambridge (Inglaterra) _bAt the University Press _c1944 |
||
| 300 | _a801 Páginas | ||
| 500 | _aIncluye índices | ||
| 650 | 0 | 4 |
_aEdad Media _913756 |
| 650 | 0 | 4 |
_aHistoria medieval _916940 |
| 942 |
_cLIBRO _a21 _e1 _mC68 _n0 _2DEWEY _h930 |
||
| 999 |
_c87017 _d87017 |
||